Statistics for European Country Trivia - Flag Tile Quiz

Click here to take the quiz!

General Stats

  • This quiz has been taken 96 times
  • The average score is 38 of 60

Answer Stats

QuestionTileSelect% Correct
countries that use the euroYes
92%
countries that are landlockedNo
88%
countries that are landlockedNo
87%
countries that are landlockedNo
84%
countries that are landlockedNo
83%
countries that use the euroNo
83%
countries that use the euroYes
83%
countries that are landlockedNo
83%
countries that are landlockedYes
82%
countries that are landlockedYes
81%
countries that are landlockedYes
77%
countries that are landlockedYes
77%
countries that use the euroYes
75%
countries that are landlockedYes
75%
countries with a population of more than 10 millionYes
73%
countries that have won the UEFA European Football ChampionshipYes
71%
countries that have won the UEFA European Football ChampionshipYes
70%
countries that are landlockedYes
70%
countries that have won the UEFA European Football ChampionshipYes
69%
countries with a population of more than 10 millionNo
69%
countries that have won the UEFA European Football ChampionshipNo
68%
countries where a majority of people do not identify as ChristiansNo
68%
countries where a majority of people do not identify as ChristiansNo
68%
countries that have won the UEFA European Football ChampionshipNo
68%
countries that are landlockedNo
66%
countries that use the euroYes
66%
countries that have won the UEFA European Football ChampionshipNo
65%
countries where a majority of people do not identify as ChristiansNo
65%
countries that use the euroNo
64%
countries that use the euroYes
64%
countries with a population of more than 10 millionYes
64%
countries where a majority of people do not identify as ChristiansYes
64%
countries with a population of more than 10 millionYes
62%
countries with a population of more than 10 millionNo
62%
countries where a majority of people do not identify as ChristiansNo
62%
countries with a population of more than 10 millionYes
61%
countries that use the euroNo
61%
countries that use the euroNo
61%
countries that have won the UEFA European Football ChampionshipNo
60%
countries that use the euroYes
60%
countries with a population of more than 10 millionNo
60%
countries that use the euroNo
60%
countries with a population of more than 10 millionNo
58%
countries with a population of more than 10 millionNo
58%
countries where a majority of people do not identify as ChristiansYes
57%
countries where a majority of people do not identify as ChristiansNo
56%
countries that have won the UEFA European Football ChampionshipNo
55%
countries that have won the UEFA European Football ChampionshipNo
53%
countries that use the euroNo
52%
countries with a population of more than 10 millionNo
52%
countries where a majority of people do not identify as ChristiansYes
52%
countries with a population of more than 10 millionYes
49%
countries with a population of more than 10 millionYes
45%
countries where a majority of people do not identify as ChristiansNo
44%
countries that have won the UEFA European Football ChampionshipYes
43%
countries that have won the UEFA European Football ChampionshipYes
40%
countries where a majority of people do not identify as ChristiansYes
34%
countries where a majority of people do not identify as ChristiansYes
29%
countries that have won the UEFA European Football ChampionshipYes
27%
countries where a majority of people do not identify as ChristiansYes
10%

Score Distribution

Percentile by Number Answered

Percent of People with Each Score

Your Score History

You have not taken this quiz